|
|
|
|
| LEADER |
01468nam a22003137a 4500 |
| 001 |
32991 |
| 003 |
BD-DhAAL |
| 005 |
20180412144002.0 |
| 008 |
180412t2014 bg a b 00| 0 ben d |
| 999 |
|
|
|c 39252
|d 39252
|
| 020 |
|
|
|a 9789849097044
|
| 040 |
|
|
|a BD-DhAAL
|
| 041 |
|
|
|a BEN
|a ENG
|
| 082 |
|
|
|a 954.9205
|2 22
|
| 245 |
|
|
|a একাত্তরের বধ্যভূমি /
|c মোহাম্মদ জয়নাল আবেদীন সম্পাদিত
|
| 246 |
|
|
|a Akatturer Badhyabhumi
|
| 260 |
|
|
|a ঢাকা :
|b পালক পাবলিশার্স,
|c ২০১৪
|
| 300 |
|
|
|a ২০০ পৃষ্ঠা :
|b চিত্র ;
|c ২২ সে.মি.
|
| 500 |
|
|
|a প্রথম প্রকাশ- ২০১১
|
| 504 |
|
|
|a বিবলিওগ্রাফী অন্তর্ভুক্ত
|
| 526 |
|
|
|a AAL
|
| 541 |
|
|
|a Development Book Agency
|e 32991
|
| 650 |
|
|
|a Bangladesh
|x History
|x Revolution
|y 1971
|9 25183
|
| 650 |
|
|
|a বাংলাদেশ
|x ইতিহাস
|x মুক্তিযুদ্ধ
|y ১৯৭১
|9 25184
|
| 700 |
|
|
|a আবেদীন, মোহাম্মদ জয়নাল
|9 25488
|
| 700 |
|
|
|a Abedin, Md. Joynal
|9 25489
|
| 852 |
|
|
|a Ayesha Abed Library
|c General Stacks
|
| 942 |
|
|
|2 ddc
|c BK
|
| 952 |
|
|
|0 0
|1 0
|2 ddc
|4 0
|6 954_920500000000000_AKA
|7 0
|9 63154
|a BRACUL
|b BRACUL
|c BNC
|d 2018-04-11
|e Development Book Agency
|g 255.00
|l 0
|o 954.9205 AKA
|p 3010032991
|r 2018-04-11
|t 1
|v 300.00
|w 2018-04-11
|y BK
|